Derechos fundamentales de la comunicación (Record no. 153762)

MARC details
000 -LEADER
fixed length control field nam a22 7a 4500
005 - DATE AND TIME OF LATEST TRANSACTION
control field 20200121120517.0
008 - FIXED-LENGTH DATA ELEMENTS--GENERAL INFORMATION
fixed length control field 200121b ec||||| |||| 00| 0 spa d
020 ## - INTERNATIONAL STANDARD BOOK NUMBER
International Standard Book Number 997819035X (Universidad Andina Simón Bolívar, Sede Ecuador)
020 ## - INTERNATIONAL STANDARD BOOK NUMBER
International Standard Book Number 997804700X (Ediciones Abya-Yala)
020 ## - INTERNATIONAL STANDARD BOOK NUMBER
International Standard Book Number 9978842950 (Corporación Editora Nacional)
050 04 - LIBRARY OF CONGRESS CALL NUMBER
Classification number P92.E2
Item number N38 2002
100 1# - MAIN ENTRY--PERSONAL NAME
Personal name Navas Alvear, Marco
240 10 - UNIFORM TITLE
Uniform title Principios constitucionales sobre comunicación y procesos de información en el Ecuador.
Language of a work Español.
245 10 - TITLE STATEMENT
Title Derechos fundamentales de la comunicación
Remainder of title : una visión ciudadana
Statement of responsibility, etc / Marco Navas Alvear
250 ## - EDITION STATEMENT
Edition statement 1a ed.
260 ## - PUBLICATION, DISTRIBUTION, ETC. (IMPRINT)
Place of publication, distribution, etc Ecuador, Quito :
Name of publisher, distributor, etc Universidad Andina Simón Bolívar:
-- Abya-Yala :
-- Corporación Editora Nacional,
Date of publication, distribution, etc 2002
300 ## - PHYSICAL DESCRIPTION
Extent 136 p. ;
Dimensions 21 cm.
490 0# - SERIES STATEMENT
Series statement Magíster ;
Volume number/sequential designation v. 20.
504 ## - BIBLIOGRAPHY, ETC. NOTE
Bibliography, etc Incluye bibliografías.
650 #7 - SUBJECT ADDED ENTRY--TOPICAL TERM
Source of heading or term lemb
Topical term or geographic name as entry element Medios de comunicación
Geographic subdivision Ecuador
650 #7 - SUBJECT ADDED ENTRY--TOPICAL TERM
Source of heading or term lemb
Topical term or geographic name as entry element Libertad de expresión
Geographic subdivision Ecuador
650 #7 - SUBJECT ADDED ENTRY--TOPICAL TERM
Source of heading or term lemb
Topical term or geographic name as entry element Libertad de prensa
Geographic subdivision Ecuador
942 ## - ADDED ENTRY ELEMENTS (KOHA)
Source of classification or shelving scheme Biblioteca del Cogreso de los Estados Unidos
Koha item type Libro
Holdings
Estado de pérdida Fuente de clasificación Estado del daño No para préstamo Ubicación permanente Ubicación actual Apartado o colección Fecha de adquisición Fuente de adquisición Edición Área del conocimiento Clasificación Código de Barras Date last seen Número de copia Costo por reposición Tipo de recurso
  Biblioteca del Cogreso de los Estados Unidos     Biblioteca del Posgrado en Derecho Biblioteca del Posgrado en Derecho Colección Ernesto Villanueva 21/01/2020 Donación 1a ed. Ciencias Sociales y Administrativas P92.E2 N38 2002 BPD000001305 21/01/2020 1 1.00 Libro